Economic Heresies : Some old-fashioned questions in economic theory
محفوظ في:
| مؤلف مشترك: | |
|---|---|
| التنسيق: | كتاب |
| اللغة: | Undetermined |
| منشور في: |
New York
Basic Books, Inc.
1973
|
| الموضوعات: | |
| الوسوم: |
إضافة وسم
لا توجد وسوم, كن أول من يضع وسما على هذه التسجيلة!
|
| Thư viện lưu trữ: | Trung tâm Học liệu Trường Đại học Cần Thơ |
|---|
| LEADER | 00573nam a2200193Ia 4500 | ||
|---|---|---|---|
| 001 | CTU_78502 | ||
| 008 | 210402s9999 xx 000 0 und d | ||
| 082 | |a 330.1 | ||
| 082 | |b E19 | ||
| 110 | |a Economic Heresies | ||
| 245 | 0 | |a Economic Heresies : | |
| 245 | 0 | |b Some old-fashioned questions in economic theory | |
| 245 | 0 | |c Economic heresies | |
| 260 | |a New York | ||
| 260 | |b Basic Books, Inc. | ||
| 260 | |c 1973 | ||
| 650 | |a Học thuyết kinh tế,Economics,Keynesian economics | ||
| 650 | |x History | ||
| 980 | |a Trung tâm Học liệu Trường Đại học Cần Thơ | ||